Marvel Rivals | Guess The Ultimate Attack Based On The Voice Line - Statistics

General Stats
  • This quiz has been taken 418 times
    180 since last reset
  • The average score is 33 of 45
Answer Stats
Hint Answer % Correct
"TREMBLE before Bast!" -Black Panther Bast's Descent
88%
"It's clobberin' time!" Clobberin' Time
88%
"The moooon haunts you!" -Moon Knight Hand of Khonshu
88%
"Hulk SMASH!" -Hulk Hulk Smash!
88%
"On, nom, nom" -Jeff The Land Shark It's Jeff!
88%
"Qì guàn cháng hóng!" -Iron Fist Living Chi
88%
"By the Eye of Agamotto!" -Doctor Strange Eye of Agamotto
81%
"Hel UNLEASHED!!!" -Hela Goddess of Death
81%
"Don't mess with the Amazing Spider-Man!" -Spider-Man Spectacular Spin
81%
"Supernova!" Supernova
81%
"Squirrel Stampede!" -Squirrel Girl Unbeatable Squirrel Tsunami
81%
"Behold... Darkchild!" -Magik Darkchild
75%
"Plasma... BURST!" -Black Widow Electro-Plasma Explosion
75%
"Judge! Jury! EXECUTIONER!!!" -The Punisher Final Judgement
75%
"ASSEMBLE!!!" -Captain America Freedom Charge
75%
"Le-gen-daaaryyy!" Star-Lord Galactic Legend
75%
"Your powers are MINE!" -Loki God of Mischief
75%
"Behold the God of THUNDER!!!" -Thor God of Thunder
75%
"*horn blast*" -Namor Horn of Proteus
75%
"I never miss!" -Hawkeye Hunter's Sight
75%
"Maximum... PULSE!" -Iron Man Invincible Pulse Cannon
75%
"DISAPPEAR!!!" -Invisible Woman Invisible Boundary
75%
"Let The Devil Out!" -Daredevil Let The Devil Out
75%
"Fear MAGNETO!!!" -Magneto Meteor M
75%
"*Extermination!*" -Ultron Rage of Ultron
75%
"It's SPIDER-TIME!!!" -Peni Parker Spider-Sweeper
75%
"I am GROOOT!" -Groot Strangling Prison
75%
"Fan... TASTIC!" -Mister Fantastic Braniac Bounce
69%
"This is REAL firepower!" -Rocket Racoon C.Y.A. (Cosmic Yarn Amplifier)
69%
"Chō no mai o kurāe!" -Psylocke Dance of the Butterfly
69%
"I take *everything*!" -Rogue Heartbreaker
69%
"Heven... Falls!" -Angela Heven's Retribution
69%
"*animalistic roar*" -Wolverine Last Stand
69%
"Gambit never folds!" -Gambit Ragin' Royal Flush
69%
"A thousand cuts!" -Blade Thousand-Fold Slash
69%
"You are nothing!" -Phoenix Endsong Inferno
63%
"Us against the world!" -Cloak & Dagger Eternal Bond
63%
"I am ready to put on a show!" -Luna Snow Fate of Both Worlds
63%
"Born AGAIN!" -Adam Warlock Karmic Revival
63%
"Armed and DANGEROUS!!!" -Winter Solider Kraken Impact
63%
"Feel the wrath of the GODDESS!" -Storm Omega Hurricane
63%
"Pure... CHAOS!!!" -Scarlet Witch Reality Erasure
63%
"We are VENOM!" -Venom Feast of the Abyss
56%
"Kneel *peasants!*" -Emma Frost Psionic Seduction
56%
"We are undefeatable!" -Mantis Soul Resurgence
56%
No matching quizzes found
Score Distribution
Percent of People with Each Score
Percentile by Number Answered
Your Score History
You have not taken this quiz since the last reset